Państwa o największej liczbie ludności w wieku poniżej 15lat - Statystyki

Ogólne statystyki
  • Ten quiz został rozwiązany 161 razy
  • Średni wynik to 13 z 20
Statystyki odpowiedzi
% Całkowita
ludność
Państwo % Poprawnych
18 249 m Chiny
93%
27 364 m Indie
90%
19 61 m Stany Zjednoczone
86%
21 44 m Brazylia
81%
44 88 m Nigeria
75%
26 71 m Indonezja
73%
26 33 m Meksyk
73%
18 26 m Rosja
73%
34 34 m Egipt
71%
35 76 m Pakistan
70%
46 40 m Demokratyczna Republika Konga
68%
24 20 m Turcja
61%
27 44 m Bangladesz
59%
40 45 m Etiopia
58%
25 20 m Iran
57%
23 22 m Wietnam
53%
39 21 m Kenia
51%
44 25 m Tanzania
49%
30 33 m Filipiny
46%
47! 21 m Uganda
32%
Nie znaleziono quizów pasujących do podanych kryteriów
Rozkład punktacji
Procent ludzi z każdym wynikiem
Percentyl według liczby udzielonych odpowiedzi
Twoja historia wyników
Nie rozwiązałeś tego quizu